Seismology.

Bibliographic Details
Main Author: Bullen, K. E. (Keith Edward), 1906-
Format: Book
Language:English
Published: London : New York : Methuen; Wiley, [1954]
Series:Methuen's monographs on physical subjects.
Subjects:

MARC

Tag First Indicator Second Indicator Subfields
LEADER 00000cam a2200000 4500
001 in00000052492
005 20151007072107.0
008 730131s1954 nyua b 00000 eng u
010 |a  54002790  
035 |a (OCoLC)00549863 
035 |9 AAE7219AM 
040 |c WSU  |d TXA  |d UtOrBLW 
049 |a TXAM  |c 1 [258064]  |c 2 [424855] 
050 0 |a QE534  |b .B86 
092 |a 551.2  |b B936s 
100 1 |a Bullen, K. E.  |q (Keith Edward),  |d 1906- 
245 1 0 |a Seismology. 
264 1 |a London :  |b Methuen;  |a New York :  |b Wiley,  |c [1954] 
300 |a 132 pages :  |b illustrations ;  |c 18 cm. 
336 |a text  |b txt  |2 rdacontent 
337 |a unmediated  |b n  |2 rdamedia 
338 |a volume  |b nc  |2 rdacarrier 
490 1 |a Methuen's monographs on physical subjects 
504 |a Includes bibliography. 
650 0 |a Seismology. 
830 0 |a Methuen's monographs on physical subjects. 
999 |a MARS 
999 f f |s 1cffc375-ab61-3d45-a479-e69ce6203694  |i 052f91b2-89b7-3db1-b193-f1a5b4ce7c99  |t 0 
952 f f |p normal  |a Texas A&M University  |b College Station  |c Sterling C. Evans Library  |d Evans: Library Stacks  |t 0  |e QE534 .B86  |h Library of Congress classification  |i unmediated -- volume  |m A14800950553 
998 f f |a QE534 .B86  |t 0  |l Evans: Library Stacks